Thousand cranes (Record no. 78665)

MARC details
000 -LEADER
fixed length control field 00694nam a2200229Ia 4500
008 - FIXED-LENGTH DATA ELEMENTS--GENERAL INFORMATION
fixed length control field 191130s1996##################000#0#eng##
020 ## - INTERNATIONAL STANDARD BOOK NUMBER
ISBN 9780679762652
082 ## - DEWEY DECIMAL CLASSIFICATION NUMBER
Classification number 895.6344 KAW
100 ## - MAIN ENTRY--AUTHOR NAME
Personal name Kawabata, Yasunari
245 ## - TITLE STATEMENT
Title Thousand cranes
Statement of responsibility, etc Yasunari Kawabata ; translated by Edward G. Seidensticker
250 ## - EDITION STATEMENT
Edition statement 1st Vintage International ed
260 ## - PUBLICATION, DISTRIBUTION, ETC. (IMPRINT)
Place of publication New York
Name of publisher Vintage Books
Year of publication 1996
300 ## - PHYSICAL DESCRIPTION
Number of Pages vi, 147 p. : ill. ; 21 cm
500 ## - GENERAL NOTE
General note Originally published: New York : Knopf, 1958
650 ## - SUBJECT ADDED ENTRY--TOPICAL TERM
Topical Term Fiction
700 ## - ADDED ENTRY--PERSONAL NAME
Personal name Seidensticker, Edward
991 ## -
-- 141605
Holdings
Withdrawn status Lost status Damaged status Not for loan Home library Current library Date acquired Full call number Accession Number Price effective from Koha item type
        Anna Centenary Library Anna Centenary Library 09.10.2020 895.6344 KAW 378816 09.10.2020 English Books

Find us on the map